000 02023nam a2200529 i 4500
001 37804
003 KOSZ 005
005 20200722085617.0
008 200721s1998 pl a f 000 0 pol
015 _aUWD 1999/5640
020 _a8371930542
020 _a8371930550
035 _a991009929599705066
035 _a(PL-WaBN)b12710763-48omnis_nlop
035 _ab12710763
035 _a(OCoLC)830198883
035 _a(PL)b0000001271076
035 _a(EXLNZ-48OMNIS_NETWORK)9910441817005606
040 _aWA N
_cWA N
_dKOSZ 005/RW
046 _k1998
080 _a531/534
080 _a(075.8)
100 1 _aSkalmierski, Bogdan
_d(1930-2012)
_eAutor
245 1 0 _aMechanika.
_n[T.] 1,
_pPodstawy mechaniki klasycznej /
_cBogdan Skalmierski ; [recenzenci : prof. dr hab. inż. Bohdan Mochnacki, prof. dr hab. inż. Andrzej Tylikowski] ; Politechnika Częstochowska.
260 _aCzęstochowa :
_bWydawnictwo Politechniki Częstochowskiej,
_c1998.
300 _a[2], 354 strony :
_brysunki, wykresy ;
_c24 cm.
336 _aTekst
_btxt
_2rdacontent
337 _aBez urządzenia pośredniczącego
_bn
_2rdamedia
338 _aWolumin
_bnc
_2rdacarrier
380 _aKsiążki
380 _aPublikacje dydaktyczne
385 _mPoziom nauczania
_aSzkolnictwo wyższe
388 1 _a1901-2000
388 1 _a1989-2000
504 _aBibliografia na stronach [349]-354.
536 _aWydanie publikacji dofinansowane przez Ministerstwo Edukacji Narodowej.
650 7 _aMechanika
_2DBN
655 7 _aPodręczniki akademickie
658 _aInżynieria i technika
700 1 _aMochnacki, Bohdan
_d(1942- )
_eRecenzja
700 1 _aTylikowski, Andrzej
_eRecenzja
710 2 _aPolitechnika Częstochowska
710 2 _aWydawnictwo Politechniki Częstochowskiej
_4pbl
856 _uhttp://koha.tu.koszalin.pl/cgi-bin/koha/opac-detail.pl?biblionumber=37804
_yKatalog online BPK
942 _2UKD
_cKS
999 _c37804
_d37804